LIBRARY ONLINE CATALOGUE

The Life of Langston Hughes. Volume 1 : (Record no. 6032)

MARC details
000 -LEADER
fixed length control field 00612nam a22002052 4500
001 - CONTROL NUMBER
control field 0000002817
005 - DATE AND TIME OF LATEST TRANSACTION
control field 20151217151905.0
008 - FIXED-LENGTH DATA ELEMENTS--GENERAL INFORMATION
fixed length control field 070420s xx 000 0 eng d
020 ## - INTERNATIONAL STANDARD BOOK NUMBER
International Standard Book Number 019504012 :
040 ## - CATALOGING SOURCE
Original cataloging agency KABU
Transcribing agency KABU
050 #0 - LIBRARY OF CONGRESS CALL NUMBER
Classification number PS3515
Item number .U274Z698
100 1# - MAIN ENTRY--PERSONAL NAME
Personal name Rampsersad Arnold.
-- 0000152329
245 14 - TITLE STATEMENT
Title The Life of Langston Hughes. Volume 1 :
Remainder of title 1902-1941 I, too, sing America.
260 ## - PUBLICATION, DISTRIBUTION, ETC. (IMPRINT)
Place of publication, distribution, etc. Oxford :
Name of publisher, distributor, etc. OUP,
Date of publication, distribution, etc. 1986.
300 ## - PHYSICAL DESCRIPTION
Extent viii, 486 p.
600 10 - SUBJECT ADDED ENTRY--PERSONAL NAME
Personal name Hughes, Langston
General subdivision Biography.
-- 0000152330
908 ## - PUT COMMAND PARAMETER (RLIN)
Put command parameter 070420
950 ## - LOCAL HOLDINGS (RLIN)
-- 1
Holdings
Withdrawn status Lost status Source of classification or shelving scheme Not for loan Home library Current library Date acquired Total Checkouts Full call number Barcode Date last seen Price effective from Koha item type
    Library of Congress Classification   Kabarak, Main Campus Kabarak, Main Campus 17/12/2015   PS3515 .U274Z698 004517 17/12/2015 17/12/2015 General Collection